[Event "ICS rated bullet match"]
[Site "204.178.125.65"]
[Date "2000.02.14"]
[Round "?"]
[White "lhg"]
[Black "Hossa"]
[Result "0-1"]
[WhiteElo "2268"]
[BlackElo "2451"]
[PlyCount "74"]

1. e4 e5 2. Nf3 Nc6 3. Bc4 Nf6 4. d4 exd4 5. Ng5 d5 6. exd5 Qe7+ 7. Qe2 Nb4 8.
Qxe7+ Bxe7 9. d6 Nxc2+ 10. Kd1 Nxa1 11. dxe7 Kxe7 12. Re1+ Kd7 13. Nxf7 Re8 14.
Rxe8 Kxe8 15. Ne5 Ng4 16. Nd3 Bf5 17. f3 Bxd3 18. Bxd3 Nf2+ 19. Kd2 g6 20. Na3
Nxd3 21. Kxd3 c5 22. b3 a5 23. Bb2 a4 24. Bxa1 axb3 25. Bb2 bxa2 26. Nc2 b5 27.
f4 b4 28. Kc4 Kd7 29. g4 Re8 30. Kb3 d3 31. Na1 c4+ 32. Kxa2 d2 33. f5 Ra8+ 34.
Kb1 d1=Q+ 35. Bc1 Rxa1+ 36. Kxa1 Qxc1+ 37. Ka2 b3# 0-1

[Event "ICS rated blitz match"]
[Site "204.178.125.65"]
[Date "2000.02.14"]
[Round "?"]
[White "Bonin"]
[Black "Hossa"]
[Result "0-1"]
[WhiteElo "2383"]
[BlackElo "2419"]
[PlyCount "46"]

1. d4 d5 2. Bg5 f6 3. Bh4 Nd7 4. e3 e5 5. c4 Bb4+ 6. Nc3 Ne7 7. Qb3 exd4 8.
Qxb4 c5 9. Qb3 dxc3 10. Qxc3 Nf5 11. Bg3 d4 12. Qc2 dxe3 13. O-O-O Nxg3 14.
hxg3 exf2 15. Nf3 Qa5 16. Rxh7 Rxh7 17. Qxh7 Qxa2 18. Qg8+ Nf8 19. Nh4 Bg4 20.
Rd3 Qa1+ 21. Kc2 Be6 22. Qxg7 Qxf1 23. Re3 Qxc4+ 0-1

[Event "ICS rated bullet match"]
[Site "204.178.125.65"]
[Date "2000.02.14"]
[Round "?"]
[White "Hossa"]
[Black "BountyHunter"]
[Result "0-1"]
[WhiteElo "2459"]
[BlackElo "2727"]
[PlyCount "74"]

1. e4 e5 2. Nf3 Nc6 3. Bb5 a6 4. Ba4 Nf6 5. O-O b5 6. Bb3 Bc5 7. c3 d6 8. d4
Bb6 9. h3 Bb7 10. Re1 h6 11. Bd5 O-O 12. dxe5 Nxd5 13. exd5 Nxe5 14. Be3 Nc4
15. Bc1 Qf6 16. Re2 Rfe8 17. b3 Ne5 18. Nh2 Qf5 19. Be3 Nd3 20. Bxb6 cxb6 21.
Nf3 Nf4 22. Rxe8+ Rxe8 23. c4 Qg6 24. g3 Re2 25. Kf1 Qe4 26. Nbd2 Qd3 27. Kg1
Nxh3+ 28. Kg2 Bc8 29. a4 Rxf2+ 30. Kh1 Bg4 31. axb5 Ng5 32. Kg1 Qe3 33. Kh1
Nxf3 34. Qg1 Rxd2 35. Qg2 Rxg2 36. Kxg2 Qe2+ 37. Kh1 Qh2# 0-1

[Event "ICS rated bullet match"]
[Site "204.178.125.65"]
[Date "2000.02.15"]
[Round "?"]
[White "KESKSMAN"]
[Black "Hossa"]
[Result "0-1"]
[WhiteElo "2085"]
[BlackElo "2453"]
[PlyCount "108"]

1. d3 d5 2. e4 dxe4 3. dxe4 Qxd1+ 4. Kxd1 Nc6 5. Nc3 Bd7 6. Ke1 O-O-O 7. Nf3
Nf6 8. Bc4 e6 9. Be3 Bb4 10. Bd2 Bxc3 11. Bxc3 Nxe4 12. Ke2 Nxc3+ 13. bxc3 Na5
14. Bd3 Bc6 15. Rab1 Rd6 16. Rb4 Bxf3+ 17. gxf3 Nc6 18. Rg4 g6 19. h4 Rhd8 20.
Ra4 Rd5 21. Rb1 Re5+ 22. Kd2 Rd7 23. f4 Red5 24. Ke2 a6 25. Ra3 f6 26. Rab3 Na5
27. Rb4 R5d6 28. a4 Rd5 29. Kf1 R5d6 30. Kg2 Kb8 31. Kg3 Ka7 32. Be4 c5 33.
R4b2 Rd1 34. Rxd1 Rxd1 35. Bf3 Ra1 36. Rb4 cxb4 37. cxb4 Nc6 38. b5 axb5 39.
axb5 Nd4 40. Be4 Nxb5 41. Kh2 Nc3 42. h5 Nxe4 43. hxg6 hxg6 44. f5 exf5 45. Kg2
Ra2 46. Kf3 Rxc2 47. Ke3 Kb6 48. Kd4 Rd2+ 49. Kc4 Ka5 50. Kb3 Kb5 51. Ka3 Nc5
52. f3 Kc4 53. f4 Nd3 54. Ka4 Ra2# 0-1

[Event "ICS rated bullet match"]
[Site "204.178.125.65"]
[Date "2000.02.15"]
[Round "?"]
[White "KESKSMAN"]
[Black "Hossa"]
[Result "0-1"]
[WhiteElo "2079"]
[BlackElo "2459"]
[PlyCount "32"]

1. d3 d5 2. e4 dxe4 3. dxe4 Qxd1+ 4. Kxd1 Nc6 5. Nf3 Bg4 6. c3 Nf6 7. Kc2 Nxe4
8. h3 Nxf2 9. Rg1 Nxh3 10. gxh3 Bxf3 11. Bf4 Be4+ 12. Kb3 e5 13. Be3 Na5+ 14.
Ka4 b6 15. b4 Bc2+ 16. Kb5 a6# 0-1

[Event "ICS rated blitz match"]
[Site "204.178.125.65"]
[Date "2000.02.15"]
[Round "?"]
[White "Hossa"]
[Black "leskovar"]
[Result "1-0"]
[WhiteElo "2433"]
[BlackElo "2336"]
[PlyCount "56"]

1. e4 e5 2. Nf3 d6 3. d4 exd4 4. Nxd4 g6 5. Nc3 Bg7 6. Be3 Nf6 7. Qd2 O-O 8.
O-O-O Nc6 9. f3 Nxd4 10. Bxd4 Be6 11. Be3 Re8 12. Bh6 Bh8 13. g3 Qe7 14. g4 a6
15. h4 b5 16. h5 b4 17. Ne2 Bxa2 18. hxg6 fxg6 19. b3 a5 20. Nf4 Qe5 21. Bc4+
d5 22. Bxd5+ Nxd5 23. Qxd5+ Qxd5 24. Nxd5 Ra7 25. Ne7+ Rxe7 26. Rd8+ Kf7 27.
Rxh8 Ke6 28. Be3 Rb7 1-0

[Event "ICS rated bullet match"]
[Site "204.178.125.65"]
[Date "2000.02.15"]
[Round "?"]
[White "Hossa"]
[Black "Weezer"]
[Result "0-1"]
[WhiteElo "2462"]
[BlackElo "2563"]
[PlyCount "138"]

1. e4 e5 2. Nf3 Nf6 3. Nxe5 d6 4. Nxf7 Kxf7 5. d4 c5 6. dxc5 Nc6 7. Bc4+ Be6 8.
Bxe6+ Kxe6 9. O-O d5 10. e5 Ne4 11. Qg4+ Kf7 12. Qf5+ Ke8 13. Nc3 Nd4 14. Qh5+
g6 15. Qd1 Nxc3 16. bxc3 Ne6 17. Rb1 Qd7 18. c4 d4 19. Qf3 Nxc5 20. Ba3 Rb8 21.
Qf6 Rg8 22. Rfe1 Qf7 23. Qxf7+ Kxf7 24. Rb5 b6 25. h4 Ne6 26. Bd6 Bxd6 27. exd6
Rgd8 28. Rd5 Rbc8 29. f4 Rc6 30. d7 Rxc4 31. Rde5 Nf8 32. Re7+ Kg8 33. R7e2
Rxd7 34. Rb1 Ra4 35. Rb2 d3 36. cxd3 Rxd3 37. f5 gxf5 38. Rb1 Rda3 39. Rbb2
Rxh4 40. Rf2 f4 41. Rbc2 Re3 42. Rc7 a5 43. Rc1 Rg4 44. Kf1 Rh4 45. Kg1 Re6 46.
Rb2 Rg4 47. Kf1 Rg3 48. Rc7 f3 49. gxf3 Rxf3+ 50. Kg1 h5 51. Kh2 Ng6 52. Rd2
Rf7 53. Rxf7 Kxf7 54. a4 Re4 55. Rf2+ Nf4 56. Kg3 Rxa4 57. Rxf4+ Rxf4 58. Kxf4
a4 59. Ke5 a3 60. Kd5 a2 61. Ke4 a1=Q 62. Kf4 Qd4+ 63. Kf3 b5 64. Ke2 b4 65.
Kf3 b3 66. Ke2 b2 67. Kf3 b1=Q 68. Kg2 Qg4+ 69. Kf2 Qbg1# 0-1

[Event "ICS rated bullet match"]
[Site "204.178.125.65"]
[Date "2000.02.15"]
[Round "?"]
[White "Weezer"]
[Black "Hossa"]
[Result "1-0"]
[WhiteElo "2574"]
[BlackElo "2451"]
[PlyCount "121"]

1. d4 d5 2. c4 e6 3. Nc3 Nf6 4. Bg5 Be7 5. e3 O-O 6. Nf3 Nbd7 7. Rc1 c6 8. Bd3
dxc4 9. Bxc4 Nd5 10. Bxe7 Qxe7 11. O-O Nxc3 12. Rxc3 e5 13. Qc2 exd4 14. exd4
Nb6 15. Re3 Qd8 16. Bb3 Nd5 17. Re5 f6 18. Bxd5+ cxd5 19. Re3 Bg4 20. Nd2 Re8
21. Qd3 Qa5 22. a3 Qb6 23. Nb3 g6 24. Rfe1 Rxe3 25. Qxe3 Qb5 26. f3 Bf5 27. Kf2
Qb6 28. Kg1 Rc8 29. Re2 Qb5 30. g3 b6 31. Kg2 a5 32. Na1 Bd7 33. Kf2 Re8 34.
Qd2 Rxe2+ 35. Qxe2 Qa4 36. Qd2 b5 37. Nc2 Qb3 38. Ne3 a4 39. Kg2 Qa2 40. h3 Kg7
41. Qc2 h5 42. Qc7 Qxb2+ 43. Kg1 Qxd4 44. Qxd7+ Kh6 45. Qe7 Qa1+ 46. Kh2 Qb2+
47. Ng2 d4 48. Qxf6 Kh7 49. Qe7+ Kh6 50. f4 Qc1 51. g4 hxg4 52. hxg4 g5 53. f5
Qc8 54. f6 Qh8 55. Qf7 Qxf6 56. Qxf6+ Kh7 57. Qf7+ Kh6 58. Kg3 b4 59. Nh4 gxh4+
60. Kxh4 bxa3 61. g5# 1-0

[Event "ICS rated bullet match"]
[Site "204.178.125.65"]
[Date "2000.02.15"]
[Round "?"]
[White "Nos"]
[Black "Hossa"]
[Result "0-1"]
[WhiteElo "2206"]
[BlackElo "2440"]
[PlyCount "94"]

1. Nf3 d5 2. g3 Nf6 3. Bg2 c6 4. O-O Bg4 5. d3 Nbd7 6. h3 Bxf3 7. Bxf3 e5 8.
Bg2 Bc5 9. e4 O-O 10. Nd2 Qb6 11. Nb3 Rad8 12. Nxc5 Nxc5 13. Qe2 Rfe8 14. b3
dxe4 15. dxe4 Rd7 16. Be3 Qa5 17. Bxc5 Qxc5 18. Rfd1 Rd4 19. Rxd4 exd4 20. Rd1
Qb6 21. a4 g6 22. f4 d3+ 23. Qf2 dxc2 24. Rc1 Qxb3 25. Qxc2 Qxg3 26. Qf2 Qxf2+
27. Kxf2 Nxe4+ 28. Bxe4 Rxe4 29. Kf3 Rxa4 30. Rd1 Ra3+ 31. Kg4 h5+ 32. Kg5 Ra5+
33. Kh4 Rd5 34. Kg3 Rxd1 35. Kf3 Rd3+ 36. Kf2 Rxh3 37. Ke2 f6 38. Kd2 Rf3 39.
f5 g5 40. Kc2 h4 41. Kd2 h3 42. Ke2 Rxf5 43. Ke3 h2 44. Ke4 h1=Q+ 45. Kxf5 Kf7
46. Kg4 Qg2+ 47. Kf5 Qf3# 0-1

[Event "ICS rated blitz match"]
[Site "204.178.125.65"]
[Date "2000.02.15"]
[Round "?"]
[White "Hossa"]
[Black "brutus"]
[Result "1-0"]
[WhiteElo "2453"]
[BlackElo "2099"]
[PlyCount "91"]

1. e4 e6 2. d4 d5 3. Nc3 Nf6 4. e5 Nfd7 5. f4 c5 6. Nf3 Nc6 7. Be3 cxd4 8. Nxd4
Bc5 9. Qd2 O-O 10. O-O-O Bxd4 11. Bxd4 a6 12. Be3 b5 13. g3 Bb7 14. g4 Qa5 15.
Kb1 Nb6 16. Nxb5 Qxd2 17. Rxd2 axb5 18. Bxb6 Ba6 19. Bc5 Rfc8 20. Bd6 Na5 21.
f5 Nc4 22. Bxc4 bxc4 23. fxe6 fxe6 24. Rf2 Ra7 25. Rhf1 h6 26. Rf8+ Rxf8 27.
Rxf8+ Kh7 28. h4 Bb5 29. Bc5 Rb7 30. h5 c3 31. b4 Be2 32. Rf4 Kg8 33. a4 Bc4
34. Rf8+ Kh7 35. a5 Be2 36. Ka2 Bc4+ 37. Ka3 Rc7 38. Bb6 Rb7 39. Bd4 Rd7 40.
Bxc3 Rb7 41. Bd4 Rd7 42. Bb6 Rb7 43. Ka4 Be2 44. b5 Bxg4 45. a6 Rxb6 46. Ka5
1-0

[Event "ICS rated blitz match"]
[Site "204.178.125.65"]
[Date "2000.02.15"]
[Round "?"]
[White "brutus"]
[Black "Hossa"]
[Result "0-1"]
[WhiteElo "2095"]
[BlackElo "2457"]
[PlyCount "110"]

1. e4 e5 2. Nf3 Nc6 3. Bb5 Nf6 4. Qe2 Bd6 5. c3 a6 6. Ba4 b5 7. Bc2 O-O 8. d3
Bc5 9. Bg5 d6 10. Nbd2 h6 11. Bh4 a5 12. Nf1 b4 13. Ng3 g5 14. Nxg5 bxc3 15.
bxc3 Ng4 16. Nf3 Bxf2+ 17. Qxf2 Nxf2 18. Bxd8 Nxh1 19. Bxc7 Nxg3 20. hxg3 Ba6
21. Bxd6 Rfd8 22. Bxe5 Bxd3 23. O-O-O Bxc2 24. Kxc2 Rxd1 25. Kxd1 Re8 26. Bf4
Rxe4 27. Bxh6 Ra4 28. Nd4 Nxd4 29. cxd4 Rxd4+ 30. Kc2 Re4 31. Kb3 a4+ 32. Kb2
Re2+ 33. Ka3 Rxg2 34. Bf4 f5 35. Kxa4 Rxa2+ 36. Kb4 Kf7 37. Kc5 Ke6 38. Kd4
Ra4+ 39. Ke3 Kd5 40. Kf3 Ra3+ 41. Kg2 Ke4 42. Bc7 Ra2+ 43. Kh3 Ra7 44. Bb8 Rd7
45. Kh4 Rg7 46. Kh3 Kf3 47. Kh4 Kg2 48. Bf4 Rg4+ 49. Kh5 Rxf4 50. gxf4 Kf3 51.
Kh4 Kxf4 52. Kh3 Kf3 53. Kh2 f4 54. Kg1 Ke2 55. Kg2 f3+ 0-1

[Event "ICS rated blitz match"]
[Site "204.178.125.65"]
[Date "2000.02.15"]
[Round "?"]
[White "Hossa"]
[Black "brutus"]
[Result "1-0"]
[WhiteElo "2461"]
[BlackElo "2091"]
[PlyCount "53"]

1. e4 e6 2. d4 d5 3. Nc3 Nf6 4. e5 Nfd7 5. f4 c5 6. Nf3 Nc6 7. Be3 cxd4 8. Nxd4
Bc5 9. Qd2 a6 10. O-O-O O-O 11. h4 Nxd4 12. Bxd4 b5 13. h5 Qa5 14. h6 g6 15.
Kb1 Bxd4 16. Qxd4 b4 17. Ne2 Qc5 18. g4 a5 19. Bg2 Ba6 20. Qxc5 Nxc5 21. Nc1
Rab8 22. Rd4 Na4 23. Nb3 Nc3+ 24. bxc3 bxc3 25. Ra4 Bc4 26. Rxa5 d4 27. Bf1 1-0

[Event "ICS Rated blitz match"]
[Site "204.178.125.65"]
[Date "2000.02.15"]
[Round "?"]
[White "Hossa"]
[Black "Kair"]
[Result "0-1"]
[WhiteElo "2467"]
[BlackElo "2416"]
[PlyCount "186"]

1. e4 e5 2. Nf3 d6 3. d4 exd4 4. Nxd4 Nf6 5. Nc3 Be7 6. Bc4 O-O 7. Bf4 Nc6 8.
Nxc6 bxc6 9. O-O Nd7 10. Qh5 Bf6 11. Rab1 Ne5 12. Qe2 Nxc4 13. Qxc4 Qe8 14. a4
a5 15. Rfe1 Ba6 16. Qb3 Rb8 17. Qa3 Qe6 18. Be3 Rfe8 19. Bd2 h6 20. Rbd1 Rb7
21. b3 Qg4 22. f3 Qh4 23. Ne2 Bxe2 24. Rxe2 Bd4+ 25. Be3 Be5 26. g3 Qf6 27. Rf2
Bb2 28. Qa2 Bc3 29. Rd3 c5 30. Bd2 Bd4 31. Be3 Bxe3 32. Rxe3 Qg5 33. Rd3 Rb4
34. c3 Rb6 35. Qc2 Re6 36. Rd5 Qe3 37. Rd1 Rg6 38. Rd3 Qf4 39. Rg2 Qf6 40. Qd1
Rb8 41. f4 Qe7 42. Re3 Re8 43. Qd5 Rd8 44. Rd2 Qh4 45. f5 Rg4 46. Qb7 Qe7 47.
Rde2 c4 48. bxc4 Re8 49. Qa7 c6 50. Qb6 Qd7 51. Qxa5 Rb8 52. c5 dxc5 53. Qxc5
Qd1+ 54. Re1 Qxa4 55. Qd6 Rb2 56. h3 Qa2 57. Qd8+ Kh7 58. R1e2 Rxg3+ 59. Rxg3
Rxe2 60. Qd1 Rb2 61. Qf1 Rb1 62. f6 Rxf1+ 63. Kxf1 Qb1+ 64. Kf2 Qc2+ 65. Kf1
Qd1+ 66. Kf2 Qd2+ 67. Kg1 Qe1+ 68. Kh2 Qf2+ 69. Rg2 Qxf6 70. Rg3 Qf2+ 71. Rg2
Qf4+ 72. Rg3 Qxe4 73. Rg2 Qe5+ 74. Rg3 f5 75. Kg2 Qe2+ 76. Kh1 f4 77. Rg4 f3
78. Rg1 f2 79. Ra1 f1=Q+ 80. Rxf1 Qxf1+ 81. Kh2 Qf2+ 82. Kh1 Kg6 83. c4 c5 84.
h4 Qf1+ 85. Kh2 Qxc4 86. Kg3 Qd3+ 87. Kf4 c4 88. Ke5 c3 89. Ke6 c2 90. h5+ Kh7
91. Ke5 c1=Q 92. Ke6 Qe1+ 93. Kf7 Qdf1# 0-1

[Event "ICS rated blitz match"]
[Site "204.178.125.65"]
[Date "2000.02.15"]
[Round "?"]
[White "Kair"]
[Black "Hossa"]
[Result "1-0"]
[WhiteElo "2434"]
[BlackElo "2449"]
[PlyCount "95"]
[EventDate "2000.??.??"]

1. e4 e5 2. Nf3 Nc6 3. Bb5 Nf6 4. O-O Bc5 5. c3 O-O 6. d4 Bb6 7. Bg5 exd4 8. e5
h6 9. exf6 hxg5 10. fxg7 Kxg7 11. cxd4 g4 12. Nfd2 Qh4 13. g3 Qh3 14. Re1 Rh8
15. Nf1 Nxd4 16. Be2 d5 17. Nc3 c6 18. Na4 Nxe2+ 19. Qxe2 Ba5 20. Qe5+ Kg6 21.
Qd6+ f6 22. b4 Bd8 23. Nc5 Bf5 24. Rad1 Bb6 25. Ne6 Bxe6 26. Rxe6 Bd8 27. b5
Rc8 28. bxc6 bxc6 29. Rc1 Rc7 30. Rxc6 Rxc6 31. Qxc6 d4 32. Qe4+ Kf7 33. Rd6
Be7 34. Qe6+ Kf8 35. Rc6 Qh7 36. Rc8+ Kg7 37. Qxe7+ Kg6 38. Qe4+ f5 39. Qe6+
Kg5 40. h4+ gxh3 41. f4+ Kh5 42. Qf6 Rg8 43. Qh4+ Kg6 44. Rc6+ Kf7 45. Qxh7+
Rg7 46. Qxf5+ Ke8 47. Qe6+ Re7 48. Rc8# 1-0

[Event "ICS Rated blitz match"]
[Site "204.178.125.65"]
[Date "2000.02.15"]
[Round "?"]
[White "Hossa"]
[Black "Kair"]
[Result "0-1"]
[WhiteElo "2432"]
[BlackElo "2451"]
[PlyCount "138"]

1. e4 e5 2. Nf3 d6 3. d4 exd4 4. Nxd4 Nf6 5. Nc3 Be7 6. Bc4 O-O 7. Bf4 Nc6 8.
Nxc6 bxc6 9. O-O Nd7 10. Qh5 Bf6 11. Rab1 Qe7 12. Bd3 Ne5 13. Qe2 Be6 14. b3
Nxd3 15. Qxd3 Rfe8 16. Rfd1 h6 17. a3 a5 18. a4 Rab8 19. f3 Rb4 20. Na2 Rb6 21.
Qd2 Ra6 22. Nc3 Raa8 23. Ne2 Bf5 24. b4 axb4 25. Qxb4 c5 26. Qa3 Bd7 27. a5 Bc8
28. c4 Ba6 29. Qb3 Reb8 30. Qa4 Qe6 31. Rxb8+ Rxb8 32. Rc1 Rb2 33. Kf2 d5 34.
Rc2 dxe4 35. Rxb2 Bxb2 36. Qb3 exf3 37. Qb8+ Kh7 38. Qxb2 Qxe2+ 39. Qxe2 fxe2
40. Kxe2 Bxc4+ 41. Kf2 Ba6 42. Bxc7 Kg6 43. Be5 f6 44. Bd6 c4 45. Ke3 c3 46.
Ba3 Bf1 47. Kd4 Bxg2 48. Kxc3 Bf1 49. Bd6 h5 50. Kd4 Kf5 51. Bf8 g5 52. Be7 g4
53. Bd6 h4 54. Kc5 Ke6 55. Kc6 f5 56. Bc5 f4 57. Bd6 Bg2+ 58. Kc7 f3 59. Bc5 g3
60. hxg3 hxg3 61. Bd6 f2 62. Bxg3 f1=Q 63. Kb6 Qf3 64. Kc5 Qxg3 65. Kb5 Qb3+
66. Kc5 Qc3+ 67. Kb5 Kd6 68. a6 Bc6+ 69. Kb6 Qc5# 0-1

[Event "ICS rated bullet match"]
[Site "204.178.125.65"]
[Date "2000.02.15"]
[Round "?"]
[White "Hossa"]
[Black "ULTRAMODERNIST"]
[Result "1/2-1/2"]
[WhiteElo "2447"]
[BlackElo "2121"]
[PlyCount "45"]

1. e4 c5 2. Nf3 e6 3. d4 cxd4 4. Nxd4 d6 5. Nc3 a6 6. Be2 Nd7 7. O-O Qc7 8. f4
b6 9. f5 e5 10. Nb3 Ngf6 11. Bg5 Be7 12. Qd3 Bb7 13. Rad1 h6 14. Be3 Rc8 15.
Rd2 b5 16. Bf3 Nb6 17. Na5 Ba8 18. Rfd1 O-O 19. Bf2 Rfd8 20. Qe3 Nfd7 21. Qd3
Nf6 22. Qe3 Nfd7 23. Qd3 1/2-1/2

[Event "ICS rated blitz match"]
[Site "204.178.125.65"]
[Date "2000.02.15"]
[Round "?"]
[White "sacsacsacmate"]
[Black "Hossa"]
[Result "0-1"]
[WhiteElo "2133"]
[BlackElo "2417"]
[PlyCount "64"]

1. Nf3 d5 2. d4 Nf6 3. Bf4 e6 4. Nc3 Bd6 5. Ne5 Nh5 6. e3 Nxf4 7. exf4 O-O 8.
Bd3 Qh4 9. g3 Qh3 10. Qe2 Nc6 11. Qe3 f6 12. Nxc6 bxc6 13. O-O-O Rb8 14. b3
Ba3+ 15. Kb1 Rb4 16. f3 Bd7 17. g4 Rfb8 18. Rhg1 a5 19. Rg3 Qxh2 20. Rgg1 c5
21. Rh1 cxd4 22. Qe1 Qxf4 23. Bxh7+ Kf8 24. Bg6 Qg5 25. Rh8+ Ke7 26. Rxb8 Rxb8
27. Nxd5+ Qxd5 28. f4 a4 29. g5 axb3 30. gxf6+ gxf6 31. Qh4 bxa2+ 32. Ka1 Bb2#
0-1

[Event "ICS rated bullet match"]
[Site "204.178.125.65"]
[Date "2000.02.15"]
[Round "?"]
[White "Garrincha"]
[Black "Hossa"]
[Result "0-1"]
[WhiteElo "2147"]
[BlackElo "2435"]
[PlyCount "74"]

1. e4 e5 2. Nc3 Nf6 3. Nf3 Bb4 4. d4 exd4 5. Qxd4 Nc6 6. Qc4 Qe7 7. Bd3 d5 8.
Qb3 dxe4 9. O-O exf3 10. Bg5 fxg2 11. Rfe1 Be6 12. Qxb4 Nxb4 13. Ne4 Nxd3 14.
cxd3 O-O-O 15. Re3 Qb4 16. Nxf6 Qxb2 17. Rae1 gxf6 18. Bf4 Qxa2 19. Bg3 Qd5 20.
h3 Bxh3 21. Kh2 Bd7 22. Kg1 Be6 23. d4 Rde8 24. Ra3 a6 25. Rb1 Bf5 26. Rc1 c6
27. Rac3 Re2 28. Re3 Re8 29. Rxe8+ Rxe8 30. Kh2 b6 31. Kg1 Re2 32. Kh2 h5 33.
Kg1 Kb7 34. Bh2 h4 35. Bf4 Qf3 36. Be3 Qh3 37. d5 Qh1# 0-1

[Event "ICS rated bullet match"]
[Site "204.178.125.65"]
[Date "2000.02.15"]
[Round "?"]
[White "Hossa"]
[Black "Garrincha"]
[Result "1-0"]
[WhiteElo "2440"]
[BlackElo "2142"]
[PlyCount "57"]

1. e4 e5 2. Nf3 Nc6 3. Bb5 f5 4. Nc3 fxe4 5. Nxe4 d5 6. Nxe5 dxe4 7. Nxc6 Qg5
8. Qe2 Nf6 9. f4 Qh4+ 10. g3 Qh3 11. Ne5+ c6 12. Bc4 h5 13. Bf7+ Kd8 14. Ng6 h4
15. Nxh8 hxg3 16. Ng6 Bg4 17. Qe3 Qg2 18. Rg1 gxh2 19. Rxg2 h1=Q+ 20. Rg1 Qh2
21. Nxf8 Ke7 22. Ng6+ Kxf7 23. Ne5+ Kf8 24. Nxg4 Nd5 25. Qa3+ Kf7 26. Nxh2 Rh8
27. Qg3 Rh7 28. Qg6+ Kg8 29. Qe8# 1-0

[Event "ICS rated bullet match"]
[Site "204.178.125.65"]
[Date "2000.02.15"]
[Round "?"]
[White "Garrincha"]
[Black "Hossa"]
[Result "0-1"]
[WhiteElo "2137"]
[BlackElo "2445"]
[PlyCount "102"]

1. e4 e5 2. Nc3 Nf6 3. Nf3 Bb4 4. Nxe5 O-O 5. Be2 Re8 6. Nd3 Bxc3 7. dxc3 Nxe4
8. O-O d5 9. Be3 Qh4 10. g3 Qe7 11. Nf4 c6 12. c4 g5 13. Ng2 dxc4 14. Bxc4 Bh3
15. Qd4 Rd8 16. Bxf7+ Kxf7 17. Qc4+ Kg6 18. f4 Nd7 19. f5+ Bxf5 20. Rxf5 Kxf5
21. Rf1+ Kg6 22. h4 Rf8 23. Re1 Nxg3 24. Bxg5 Qc5+ 25. Qxc5 Nxc5 26. Kh2 Nge4
27. Nf4+ Kf7 28. Rf1 Nd2 29. Rf2 Nce4 30. Re2 Nf3+ 31. Kg2 Nfxg5 32. hxg5 Nxg5
33. Rf2 Ne4 34. Rf3 Rg8+ 35. Kf1 Nd2+ 36. Ke2 Nxf3 37. Kxf3 Raf8 38. Nd3 Ke6+
39. Ke3 Kf5 40. Kd2 h5 41. Kc3 h4 42. Kd2 Rg1 43. Kc3 h3 44. b3 h2 45. Kb2 h1=Q
46. Kc3 Rd1 47. Kb2 Qh8+ 48. Ka3 Qa1 49. Nb4 Qc1+ 50. Ka4 b5+ 51. Ka5 Qa3# 0-1

[Event "ICS rated bullet match"]
[Site "204.178.125.65"]
[Date "2000.02.15"]
[Round "?"]
[White "Hossa"]
[Black "Garrincha"]
[Result "1-0"]
[WhiteElo "2450"]
[BlackElo "2132"]
[PlyCount "23"]

1. e4 e6 2. d4 b6 3. Bd3 Bb7 4. Ne2 a6 5. O-O d5 6. exd5 exd5 7. Re1 Be7 8. Ng3
Nf6 9. Nf5 Nc6 10. Nxg7+ Kd7 11. Bf5+ Kd6 12. Bf4+ 1-0

[Event "ICS Rated bullet match"]
[Site "204.178.125.65"]
[Date "2000.02.15"]
[Round "?"]
[White "Garrincha"]
[Black "Hossa"]
[Result "0-1"]
[WhiteElo "2128"]
[BlackElo "2454"]
[PlyCount "80"]

1. c4 e5 2. g3 Nf6 3. b3 d5 4. cxd5 Qxd5 5. Nf3 e4 6. Nc3 Qa5 7. Nd4 Bc5 8. Nc2
Nc6 9. Bg2 Bf5 10. O-O O-O 11. Ne3 Bg6 12. Bb2 Rad8 13. a3 Qa6 14. Qc1 Nd4 15.
Re1 Nxb3 16. Qb1 Nxa1 17. Qxa1 Rxd2 18. h3 Bxe3 19. fxe3 Rfd8 20. Kf2 Qe6 21.
Nd1 Qd6 22. Bxf6 gxf6 23. Nc3 f5 24. Qb1 Qxa3 25. Nb5 Qa2 26. Qb4 c6 27. Nd4
Rd7 28. Qc3 a6 29. Qc5 Rd5 30. Qe7 c5 31. h4 cxd4 32. exd4 R5xd4 33. h5 Bxh5
34. Qg5+ Bg6 35. g4 fxg4 36. Qf4 e3+ 37. Kg3 Rxf4 38. Kxf4 Rxe2 39. Rf1 Rxg2
40. Kxe3 Qd2# 0-1

[Event "ICS rated bullet match"]
[Site "204.178.125.65"]
[Date "2000.02.15"]
[Round "?"]
[White "Garrincha"]
[Black "Hossa"]
[Result "0-1"]
[WhiteElo "2152"]
[BlackElo "2430"]
[PlyCount "94"]

1. d3 d5 2. g3 e5 3. Bg2 c6 4. Nf3 Bd6 5. O-O Nf6 6. Nbd2 O-O 7. e4 Bg4 8. h3
Bh5 9. Qe1 Nbd7 10. Nh4 Bg6 11. g4 Qa5 12. Nf5 Bxf5 13. gxf5 Rad8 14. c3 a6 15.
Kh1 Qa4 16. Rg1 Qb5 17. Qe3 a5 18. c4 dxc4 19. Nxc4 Bc5 20. Qg3 Bd4 21. Bf3 g6
22. Bh6 Rfe8 23. Rab1 Qc5 24. Rg2 a4 25. b3 axb3 26. axb3 b5 27. Nd2 Qc2 28. h4
Qxd3 29. h5 Bc3 30. Rd1 Bxd2 31. Rxd2 Qxb3 32. hxg6 hxg6 33. fxg6 Qb1+ 34. Kh2
Nxe4 35. gxf7+ Kxf7 36. Qg6+ Ke7 37. Bg5+ Nxg5 38. Qxb1 Nxf3+ 39. Kg3 Nxd2 40.
Qb4+ c5 41. Qxd2 Rg8+ 42. Kf3 Rdf8+ 43. Ke2 Rxg2 44. Qd5 Rgxf2+ 45. Ke3 R8f3+
46. Ke4 Nf6+ 47. Kxe5 Rf5# 0-1

[Event "ICS rated bullet match"]
[Site "204.178.125.65"]
[Date "2000.02.15"]
[Round "?"]
[White "Hossa"]
[Black "Garrincha"]
[Result "1-0"]
[WhiteElo "2435"]
[BlackElo "2147"]
[PlyCount "39"]

1. e4 g6 2. d4 Bg7 3. Nc3 b6 4. Nf3 Bb7 5. Bc4 e6 6. O-O Ne7 7. d5 O-O 8. Bg5
f6 9. Bh4 exd5 10. exd5 d6 11. Nd4 Bc8 12. Qe2 Bd7 13. Rfe1 Re8 14. Ne6 Bxe6
15. Qxe6+ Kf8 16. Bxf6 Bxf6 17. Qxf6+ Kg8 18. Bb5 Nd7 19. Qe6+ Kf8 20. Bxd7 1-0

[Event "ICS rated bullet match"]
[Site "204.178.125.65"]
[Date "2000.02.15"]
[Round "?"]
[White "Garrincha"]
[Black "Hossa"]
[Result "0-1"]
[WhiteElo "2142"]
[BlackElo "2440"]
[PlyCount "72"]

1. g3 Nf6 2. Bg2 d5 3. d3 e5 4. Nf3 Nc6 5. O-O Be7 6. Nc3 d4 7. Ne4 Nxe4 8.
dxe4 O-O 9. e3 Bg4 10. h3 Bh5 11. exd4 exd4 12. Bf4 f5 13. e5 g5 14. Bd2 Nxe5
15. Re1 Nc4 16. b3 Nxd2 17. Qxd2 Bf6 18. Nh2 c6 19. Rad1 Bxd1 20. Rxd1 Re8 21.
Nf3 c5 22. Ne1 Qe7 23. Nd3 Rad8 24. a4 Bg7 25. Nb2 a6 26. Bf1 Kh8 27. Bc4 Qe4
28. Nd3 Qe7 29. h4 g4 30. Qf4 Qe2 31. Re1 Qxc2 32. Rxe8+ Rxe8 33. Qxf5 Re1+ 34.
Kg2 Qe2 35. Qf4 Qf1+ 36. Kh2 Qg1# 0-1

[Event "ICS rated bullet match"]
[Site "204.178.125.65"]
[Date "2000.02.15"]
[Round "?"]
[White "Hossa"]
[Black "Garrincha"]
[Result "1-0"]
[WhiteElo "2445"]
[BlackElo "2137"]
[PlyCount "34"]

1. e4 e5 2. Nf3 d6 3. d4 exd4 4. Nxd4 g6 5. Nc3 Bg7 6. Be3 Ne7 7. Bc4 Nbc6 8.
O-O O-O 9. f4 a6 10. Rf2 b5 11. Nxc6 Nxc6 12. Bd5 Bb7 13. Qd2 Na5 14. Bxb7 Nxb7
15. a4 b4 16. Nd1 a5 17. Qd5 Ra7 1-0

[Event "ICS rated bullet match"]
[Site "204.178.125.65"]
[Date "2000.02.15"]
[Round "?"]
[White "Garrincha"]
[Black "Hossa"]
[Result "0-1"]
[WhiteElo "2132"]
[BlackElo "2450"]
[PlyCount "86"]

1. e4 e5 2. Nf3 Nc6 3. Bc4 Nf6 4. Qe2 Bc5 5. Ng5 d5 6. exd5 Nxd5 7. Nxf7 Kxf7
8. Qf3+ Ke6 9. Nc3 Ncb4 10. a3 Nxc2+ 11. Kd1 Nxa1 12. Bxd5+ Kd7 13. Qf7+ Qe7
14. Qxe7+ Kxe7 15. b4 Bxf2 16. Bb2 Bg4+ 17. Kc1 a5 18. b5 c6 19. Ba2 cxb5 20.
Bxa1 Rac8 21. Kb2 Bd4 22. Kc2 b4 23. axb4 axb4 24. Re1 bxc3 25. dxc3 Bf5+ 26.
Kd2 Bxc3+ 27. Bxc3 Rhd8+ 28. Ke2 Rxc3 29. Kf2 Rd2+ 30. Re2 Rxe2+ 31. Kxe2 Rc2+
32. Ke3 Rxa2 33. h3 Ra3+ 34. Kf2 Kd6 35. Kg1 Ra2 36. Kh2 Kd5 37. h4 Ke4 38. Kg3
h5 39. Kh2 Kf4 40. Kg1 Bd3 41. Kh2 Kg4 42. Kg1 Kg3 43. Kh1 Ra1# 0-1

[Event "ICS rated bullet match"]
[Site "204.178.125.65"]
[Date "2000.02.15"]
[Round "?"]
[White "Hossa"]
[Black "Garrincha"]
[Result "1-0"]
[WhiteElo "2454"]
[BlackElo "2128"]
[PlyCount "75"]

1. e4 d6 2. d4 Nd7 3. Nf3 g6 4. Bd3 Bg7 5. O-O c6 6. Be3 e5 7. Nbd2 Ne7 8. Nc4
Qc7 9. dxe5 dxe5 10. a4 O-O 11. Qd2 b6 12. Rad1 Bb7 13. Ng5 h6 14. Nf3 Kh7 15.
Rfe1 a6 16. Be2 Rad8 17. Qd6 Qxd6 18. Nxd6 Ba8 19. Bxa6 Nb8 20. Bc4 Kg8 21.
Nxf7 Rxd1 22. Rxd1 Kh7 23. Bxb6 Bb7 24. N3xe5 Na6 25. Rd7 Nc8 26. Rxb7 Nxb6 27.
Rxb6 Nc5 28. Nxg6 Kxg6 29. Rxc6+ Kh7 30. Rxc5 Bxb2 31. e5 Bd4 32. Rc7 Kg7 33.
Rd7 Kg6 34. Rxd4 Re8 35. Rd6+ Kf5 36. Bd3+ Kg4 37. h3+ Kh5 38. Rxh6# 1-0